000 00377nam a2200145Ia 4500
008 090122s9999 xx 000 0 und d
082 _b4830
_a891.463
100 _aखान
_bराजन
245 _aबीज धारणा
600 _aखान
630 _aबीज धारणा
700 _aखान
730 _aबीज धारणा
942 _cBOOK
999 _c28908
_d28908